Responses for Show #8719 - Thursday, October 13, 2022

Cris Pannullo game 10.

Contestants

[<< previous game]

Andrew Jiang, an options trader from Brooklyn, New York

Zack Russell, a contracting officer from Dayton, Ohio

Cris Pannullo, a customer success operations manager from Ocean City, New Jersey (whose 9-day cash winnings total $313,323)

[next game >>]

Jeopardy! Round responses

WEIRD SCIENCE
THAT'S THEIR SPORT
LOOKING SHARP!
HODGEPOURRIPODGE
THE REST, AS THEY SAY...
IS HISTORY
    $200 16
(Cris: What is a squirrel?)

a bat

CrisZack
    $200 12
soccer

Zack
    $200 19
sword

Cris
    $200 24
the Empire State Building

Zack
    $200 21
blames his tools

Cris
    $200 17
tobacco

Andrew
    $400 9
your heartbeat

Zack
    $400 10
tennis

Cris
    $400 26
Gillette

Andrew
    $400 23
Skittles

Andrew
    $400 25
(Andrew: What's rot?)
(Zack: What is stink?)
(Ken: More specifically?)
(Zack: Smell? Smell bad?)
...
(Ken: That's the shelf life of houseguests.)

smell after three days

ZackAndrew
Triple Stumper
    $400 13
Pakistan

Cris
    $600 15
(Andrew: What's radiation? Oh, sorry, what's [*]?)
(Ken: You started to correct yourself before I ruled against you.)

potassium

Andrew
    $600 4
golf

Cris
    $600 27
a paper cut

Cris
    $600 8
4

Cris
    $600 20
great responsibility

Andrew
    $600 6
Khrushchev

Andrew
    $1,400 5
diamonds

Cris
    $800 2
skiing

Cris
    $800 22
(Ken: That's [*], in the paw of a lion, in fact.)

a thorn

Triple Stumper
    $800 30
Henry Kissinger

Zack
    $800 29
mice & men

Cris
    $800 7
Philip of Macedon

Cris
    $1000 18
matter

Andrew
    $1000 1
basketball

Zack
    $1000 14
lancet

Cris
    $1000 3
Sweeney Todd

Zack
    $1000 28
(Zack: What is never the two... the twain shall meet?What is never the twain shall meet?)

home is best

Zack
Triple Stumper
    $1000 11
(Ken: Where they speak Amharic, you're right.)

Ethiopia

Cris

Scores at the first commercial break (after clue 15):

Cris Zack Andrew
$7,000 $2,600 $1,200

Scores at the end of the Jeopardy! Round:

Cris Zack Andrew
$8,600 $2,400 $3,400

Double Jeopardy! Round responses

WHERE ON EARTH?
I GOT THE PART!
TUDOR TIMES
THE AUTOMOTIVE WORLD
AFTER SCHOOL
(Ken: These responses come shortly after the word "school" in the dictionary.)
PONY TALES
    $400 14
Cairo

Cris
    $400 11
The Matrix

Zack
    $400 25
chimneys

Triple Stumper
    $400 30
(Ken: [To Cris] You really wanted to get that one right, Cris, and you did!)

the Union Jack

Cris
    $400 28
scoop

Cris
    $400 26
Black Beauty

Zack
    $800 13
the Appalachian Mountains

Zack
    $800 10
John F. Kennedy

Zack
    $800 24
Scotland

Cris
    $800 29
(Andrew: What's Kia?)
(Zack: What is Nissan?)

Hyundai

CrisZackAndrew
    $800 27
(Cris: What is a stein?)

a schooner

CrisZack
    $800 21
Narnia

Cris
    $1200 1
(Cris: What is the Pacific?)

the Indian Ocean

Cris
Triple Stumper
    $1200 8
Jodie Whittaker

Triple Stumper
    $1200 23
the Globe Theatre

Andrew
    $1200 12
Tesla

Cris
    $1200 16
(Ken: Now in the dictionary: [*].)

Scooby snacks

Triple Stumper
    $4,800 19
Animal Farm

Cris
    $1600 2
the French Riviera

Cris
    $1600 6
Monster's Ball

Zack
    $5,000 4
(Cris: What is "Oh My Darling, Clementine"?)
(Ken: (laughing) No, that is from later, you're right. No, this would be [*] that Henry VIII is reputed to write.)

"Greensleeves"

Cris
    $1600 9
the Honda Accord

Zack
    $1600 15
schwa

Andrew
    $1600 18
[ERRATUM: The character referenced in the clue is Ken, or Kenneth, and not Kevin.]

Flicka

Cris
    $2000 3
Alberta

Cris
    $2000 7
Snow White

Cris
    $2000 5
(Hans) Holbein

Cris
    $2000 22
(Cris: What is Peugeot?)

a Citroën

Cris
Triple Stumper
    $2000 17
scintilla

Cris
    $2000 20
Steinbeck

Zack

Scores at the end of the Double Jeopardy! Round:

Cris Zack Andrew
$20,400 $10,000 $5,400
(lock game)

[wagering suggestions for these scores]

Final Jeopardy! Round responses

DOCUMENTARIES
(Ken: [To Zack] Yes, the [*] Festival was held on Yasgur's farm.)
AndrewWhat is ?
$5,400
ZackWhat is Woodstock
$801
CrisWhat is Woodstock
$0
Woodstock

Final scores:

Cris Zack Andrew
$20,400 $10,801 $0
10-day champion: $333,723 2nd place: $2,000 3rd place: $1,000

Game dynamics:

Coryat scores:

Cris Zack Andrew
$21,200 $10,000 $5,400
27 R
(including 2 DDs),
5 W
(including 1 DD)
15 R,
3 W
9 R,
2 W

Combined Coryat: $36,600

[game clues] [game scores] [suggest correction]

Game tape date: 2022-08-10
The J! Archive is created by fans, for fans. Scraping, republication, monetization, and malicious use prohibited; this site may use cookies and collect identifying information. See terms. The Jeopardy! game show and all elements thereof, including but not limited to copyright and trademark thereto, are the property of Jeopardy Productions, Inc. and are protected under law. This website is not affiliated with, sponsored by, or operated by Jeopardy Productions, Inc. Join the discussion at JBoard.tv.